Statistics for Danske byer fra luftfoto/ortofoto #1

Click here to take the quiz!

General Stats

  • This quiz has been taken 8 times
  • The average score is 8 of 20

Answer Stats

Answer% Correct
Aalborg/ Nørresundby
100%
Skagen
75%
Dragør
50%
Esbjerg
50%
Fredericia
50%
Helsingør
50%
Kolding
50%
Nyborg
50%
Holbæk
25%
Næstved
25%
Nakskov
25%
Randers
25%
Rønne
25%
Roskilde
25%
Silkeborg
25%
Sønderborg
25%
Svendborg
25%
Værløse
25%
Vordingborg
25%
Holstebro
0%

Score Distribution

Percentile by Number Answered

Percent of People with Each Score

Your Score History

You have not taken this quiz